Les joueurs de l'équipe type du Barca depuis 2010 - Statistiques

Statistiques générales
  • Ce quiz a été pris 1 159 fois
  • Le résultat moyen est 39 sur 53
Statistiques - réponses
Poste Pays Joueur % Correct
Défenseur Jules Koundé
97%
Attaquant Lionel Messi
96%
Milieu Pedri
96%
Attaquant Luis Suárez
95%
Gardien Marc-André ter Stegen
95%
Attaquant Neymar
95%
Attaquant Robert Lewandowski
95%
Milieu Frenkie de Jong
94%
Attaquant Lamine Yamal
94%
Milieu Andrés Iniesta
92%
Attaquant Raphinha
92%
Milieu Gavi
89%
Attaquant Ousmane Dembélé
89%
Milieu Xavi
89%
Défenseur Gerard Piqué
88%
Défenseur Ronald Araújo
87%
Milieu Sergio Busquets
87%
Défenseur Dani Alves
86%
Milieu Ivan Rakitić
86%
Défenseur Pau Cubarsí
86%
Gardien Wojciech Szczęsny
86%
Attaquant Antoine Griezmann
83%
Défenseur Alejandro Baldé
82%
Défenseur Andreas Christensen
81%
Défenseur Jordi Alba
81%
Défenseur Samuel Umtiti
81%
Défenseur Javier Mascherano
78%
Gardien Víctor Valdés
77%
Attaquant Alexis Sánchez
75%
Défenseur Carles Puyol
74%
Défenseur Iñigo Martínez
74%
Défenseur João Cancelo
73%
Défenseur Clément Lenglet
72%
Milieu İlkay Gündoğan
72%
Gardien Claudio Bravo
71%
Milieu Arturo Vidal
69%
Attaquant David Villa
69%
Attaquant Memphis Depay
69%
Attaquant Pedro
68%
Défenseur Sergiño Dest
67%
Défenseur Éric Abidal
66%
Attaquant Ferrán Torres
57%
Défenseur Nélson Semedo
53%
Attaquant Philippe Coutinho
53%
Défenseur Sergi Roberto
51%
Milieu Marc Casado
49%
Défenseur Eric García
46%
Milieu André Gomes
41%
Milieu Cesc Fàbregas
41%
Milieu Arthur Melo
39%
Milieu Paulinho
38%
Défenseur Óscar Mingueza
28%
Défenseur Adriano
19%
Aucun quiz correspondant
Distribution des résultats
% des personnes avec chaque résultat
Percentile par nombre de réponses
Votre historique - résultats
Vous n’avez pas pris ce quiz